-
Marketing and sales management
Entry Topical Term
Number of records used in: 1
001 - CONTROL NUMBER
003 - CONTROL NUMBER IDENTIFIER
005 - DATE AND TIME OF LATEST TRANSACTION
- control field:
20260413162036.0
008 - FIXED-LENGTH DATA ELEMENTS
- fixed length control field:
260413|| aca||aabn | a|a d
040 ## - CATALOGING SOURCE
- Original cataloging agency:
JRU
- Transcribing agency:
JRU
150 ## - HEADING--TOPICAL TERM
- Topical term or geographic name as entry element:
Marketing and sales management
670 ## - SOURCE DATA FOUND
- Source citation:
Work cat.: (JRU)486: Pathak Sanjay Kumar Verma Dinesh. 409, Marketing for managers, 2008